Municipalities of Bolivia on a Map - Statistics

General Stats
  • This quiz has been taken 225 times
  • The average score is 58 of 339
Answers on the Map
Answers color-coded by a green-red scale on the quiz's map according to % correct below.
 
Answer Stats
City Population % Correct
La Paz 816,044
88%
Sucre 295,476
83%
Santa Cruz de la Sierra 1,722,480
77%
Cochabamba 724,126
72%
Potosí 220,260
57%
Oruro 302,643
56%
El Alto 943,558
52%
Trinidad 130,657
51%
Tarija 268,387
50%
Uyuni 39,494
46%
San Ignacio 22,564
43%
Copacabana 15,374
42%
Riberalta 101,755
42%
Yacuíba 103,723
42%
Montero 135,931
40%
Warnes 214,246
40%
Cobija 78,555
39%
San Pedro 3,356
39%
Quillacollo 169,360
38%
Sacaba 208,913
38%
San Pedro 24,077
38%
Puerto Suárez 24,409
36%
Santa Rosa 10,379
36%
Tupiza 48,591
36%
Villazón 50,004
35%
Antequera 3,070
34%
Bermejo 40,404
34%
Bolívar 7,370
34%
Llallagua 42,861
34%
San Ramón 5,216 | 9,295
34%
Puna 21,225
33%
Villa Tunari 79,253
33%
Aiquile 24,676
32%
Concepción 24,070
32%
Entre Ríos 24,107 | 36,351
32%
San Lorenzo 8,710
32%
Vinto 62,131
32%
Ascensión de Guarayos 36,383
31%
Rurrenabaque 25,035
31%
San Andrés 13,358
31%
Camiri 36,485
30%
Caranavi 53,622
30%
Desaguadero 7,708
30%
Guayaramerín 44,446
30%
Poopó 8,032
30%
Puerto Villarroel 52,357
30%
Punata 33,011
30%
San Borja 44,657
30%
Uncía 24,686
30%
Colcapirhua 59,172
29%
La Guardia 177,735
29%
Coroico 20,691
28%
Tiquipaya 65,881
28%
Villamontes 51,916
28%
Ayo Ayo 7,992
27%
Magdalena 13,077
27%
San Joaquín 8,038
27%
San Lucas 33,632
27%
Vallegrande 18,472
27%
Challapata 31,259
26%
Chimoré 26,855
26%
Cotoca 54,851
26%
Reyes 14,539
26%
Samaipata 11,731
26%
Santa Ana del Yacuma 18,216
26%
Sipe Sipe 47,135
26%
Viacha 90,880
26%
Azurduy 10,948
25%
Charagua 40,476
25%
Monteagudo 27,119
25%
Porongo 17,047
25%
Puerto Siles 999
25%
San Buenaventura 9,453
25%
San Javier 16,027 | 5,906
25%
Villa Serrano 11,711
25%
Yapacaní 77,152
25%
Huari 16,633
24%
Padilla 11,067
24%
Puerto Quijarro 20,068
24%
San Ignacio de Velasco 63,186
24%
San Rafael 7,444
24%
Tarabuco 17,027
24%
Cabezas 31,942
23%
Cliza 23,987
23%
El Torno 63,298
23%
Exaltación 6,607
23%
Huacaraje 4,577
23%
Independencia 24,898
23%
Ixiamas 9,916
23%
Loreto 4,035
23%
San Carlos 23,629
23%
San Julián 67,701
23%
Apolo 22,046
22%
Mizque 29,059
22%
San José de Chiquitos 44,739
22%
Sica Sica 32,098
22%
Yotala 10,017
22%
Alto Beni 12,123
21%
Baures 6,247
21%
Buena Vista 13,184
21%
Roboré 16,308
21%
Toro Toro 11,088
21%
Zudáñez 12,467
21%
Batallas 16,482
20%
Camargo 17,662
20%
El Puente 11,920 | 16,977
20%
Ravelo 20,939
20%
San Benito 17,085
20%
Yamparáez 10,929
20%
Betanzos 31,922
19%
Palos Blancos 26,809
19%
San Matías 15,960
19%
San Miguel de Velasco 12,568
19%
Tinguipaya 31,591
19%
Totora 17,372
19%
Chayanta 17,470
18%
Coro Coro 9,498
18%
La Asunta 42,644
18%
San Pedro de Buena Vista 31,718
18%
Toledo 11,653
18%
Villa Nueva 3,209
18%
Achocalla 22,883
17%
Arani 10,046
17%
Arbieto 23,940
17%
Catacora 3,891
17%
Ingavi 1,840
17%
Mineros 27,261
17%
Puerto Rico 7,247
17%
San Agustín 1,712
17%
Villa Charcas 17,879
17%
Colquechaca 35,997
16%
Malla 6,195
16%
Pailón 47,473
16%
Sopachuy 7,870
16%
Atocha 12,543
15%
Huanuni 27,975
15%
Inquisivi 15,198
15%
Moro Moro 2,541
15%
Pampa Grande 10,558
15%
Santa Rosa del Abuná 2,506
15%
Santa Rosa del Sara 23,834
15%
Tiahuanacu 12,757
15%
Tiraque 21,913
15%
Vacas 9,154
15%
Arque 10,947
14%
Colquiri 20,835
14%
Cotagaita 34,088
14%
Culpina 18,801
14%
Laja 26,225
14%
Mecapaca 19,014
14%
Pocoata 31,517
14%
Sacabamba 4,508
14%
Shinahota 24,264
14%
Tapacarí 25,852
14%
Tarata 8,722
14%
Caraparí 17,279
13%
Filadelfia 6,149
13%
Icla 7,777
13%
Macharetí 7,735
13%
Patacamaya 23,665
13%
Porco 11,395
13%
Presto 14,088
13%
Sabaya 8,461
13%
San Pablo de Lípez 4,118
13%
Sorata 26,065
13%
Tomina 8,727
13%
Vila Vila 6,680
13%
Villa San Lorenzo 25,796
13%
Bella Flor 4,092
11%
Calacoto 10,203
11%
Capinota 21,644
11%
Carangas 891
11%
Charaña 3,466
11%
Cocapata 20,406
11%
Coripata 18,873
11%
Cuevo 5,358
11%
General Saavedra 14,065
11%
Gutiérrez 13,644
11%
Llica 5,301
11%
Mairana 13,197
11%
Muyupampa 10,457
11%
Nueva Esperanza 2,422
11%
Padcaya 18,582
11%
Puerto Acosta 11,052
11%
Puerto Pérez 8,502
11%
Quime 8,972
11%
Saipina 9,702
11%
Santos Mercado 2,506
11%
Sena 11,338
11%
Tacopaya 10,582
11%
Tarvita 14,688
11%
Turco 5,812
11%
Uriondo 15,595
11%
Villa Abecia 4,022
11%
Vitichi 10,332
11%
Bolpebra 2,368
10%
Boyuibe 6,154
10%
Caracollo 23,933
10%
Chulumani 21,619
10%
Colcha K 15,977
10%
Colomi 22,514
10%
Comarapa 17,511
10%
Corque 9,329
10%
Curva 3,760
10%
Ocurí 14,666
10%
Palca 17,707
10%
Papel Pampa 7,402
10%
Pojo 10,419
10%
Poroma 18,947
10%
San Pedro de Quemes 1,289
10%
Santiváñez 7,295
10%
Tacobamba 11,251
10%
Tahua 1,441
10%
Todos Santos 1,069
10%
Tolata 6,183
10%
Tomave 16,329
10%
Trigal 2,243
10%
Yaco 7,557
10%
Yunchará 5,621
10%
Achacachi 47,186
9%
Alalay 3,457
9%
Belén de Andamarca 2,127
9%
Caiza D 11,707
9%
Calamarca 12,352
9%
Chaquí 10,134
9%
Charazani 13,482
9%
Curahuara de Carangas 3,435
9%
El Choro 11,199
9%
El Villar 4,644
9%
Huacareta 8,351
9%
Irupana 19,355
9%
La Rivera 581
9%
Las Carreras 4,412
9%
Mojocoya 8,421
9%
Pocona 10,945
9%
Porvenir 10,967
9%
San Juan de Yapacaní 10,692
9%
San Pedro de Tiquina 5,789
9%
Santiago de Machaca 4,522
9%
Sicaya 5,789
9%
Acasio 6,435
8%
Anzaldo 7,415
8%
Arampampa 3,761
8%
Cajuata 12,283
8%
Callapa 6,939
8%
Caripuyo 8,503
8%
Chipaya 2,090
8%
Chuma 11,256
8%
Chuquihuta 9,280
8%
Coipasa 951
8%
Collana 4,777
8%
Escoma 7,168
8%
Guanay 16,011
8%
Guaqui 7,313
8%
Huachacalla 1,011
8%
Huarina 8,276
8%
Humanata 5,262
8%
Luribay 12,313
8%
Morochata 13,009
8%
Omereque 5,850
8%
Pampa Aullagas 2,852
8%
Pasorapa 7,284
8%
Pazña 6,054
8%
Pucará 1,887
8%
Sapahaqui 12,917
8%
Tipuani 10,449
8%
Toko 7,420
8%
Umala 8,103
8%
Villa Alcalá 5,196
8%
Villa Rivero 9,034
8%
Ancoraimes 12,864
7%
Aucapata 5,771
7%
Ayata 8,693
7%
Cairoma 10,870
7%
Caquiaviri 15,427
7%
Chacarilla 2,282
7%
Choque Cota 1,946
7%
Chua Cocani 4,475
7%
Colquencha 10,674
7%
Comanche 3,968
7%
Combaya 4,020
7%
Cruz de Machacamarca 3,280
7%
Cuchumuela 2,951
7%
Escara 4,463
7%
Esmeralda 2,854
7%
Eucaliptus 4,972
7%
Huacaya 2,650
7%
Huatajata 4,450
7%
Huayllamarca 5,715
7%
Ichoca 8,368
7%
Incahuasi 14,293
7%
Lagunillas 5,664
7%
Machacamarca 5,082
7%
Mocomoco 16,175
7%
Mojinete 1,660
7%
Nazacara de Pacajes 699
7%
Pelechuco 7,081
7%
Portachuelo 19,735
7%
Postrer Valle 2,400
7%
Pucarani 29,799
7%
Puerto Carabuco 13,869
7%
Quiabaya 2,640
7%
Quirusillas 4,092
7%
San Antonio de Esmoruco 2,828
7%
Santiago de Huata 9,158
7%
Tacachi 1,424
7%
Tacacoma 8,847
7%
Tito Yupanqui 6,580
7%
Urmiri 3,529
7%
Urubichá 10,233
7%
Waldo Ballivián 5,569
7%
Yanacachi 8,203
7%
Yocalla 9,674
7%
Ckochas 15,121
6%
Jesús de Machaca 15,416
6%
San Pedro de Totora 5,726
6%
Villa Libertad Licoma 5,819
6%
Cuatro Cañadas 28,855
5%
Fernández Alonso 19,808
5%
Mapiri 14,854
5%
San Andrés de Machaca 6,114
4%
Santiago de Andamarca 5,380
4%
Taraco 6,700
4%
Yunguyo de Litoral 546
4%
Colpa Bélgica 6,132
3%
Salinas de García Mendoza 14,020
3%
Carmen Rivero Tórrez 8,056
2%
Okinawa Uno 14,167
2%
Puerto Gonzales Moreno 9,090
2%
San Antonio de Lomerío 6,926
2%
Soracachi 11,598
2%
Teoponte 10,063
2%
Quillacas 4,474
1%
San Pedro Curahuara 9,016
1%
Villa de Sacaca 19,118
1%
No matching quizzes found
Score Distribution
Percent of People with Each Score
Percentile by Number Answered
Your Score History
You have not taken this quiz